[Event "FIDE World Rapid Chess Championship 2024"]
[White "Dlugy, Maxim"]
[Black "Zhalmakhanov, Ramazan"]
[Site "New York, United States"]
[Round "5.20"]
[Result "0-1"]
[Date "????.??.??"]
[WhiteElo "2538"]
[BlackElo "2423"]
[PlyCount "96"]
[GameId "2127283135243278"]
[EventType "rapid"]

1. d4 {[%emt 0:29:35]} Nf6 {[%emt 0:00:11]} 2. Bf4 {[%emt 0:00:03]} d5 {[%emt 0:00:20]} 3. e3 {[%emt 0:00:01]} c5 {[%emt 0:00:03]} 4. dxc5 {[%emt 0:00:01]} Qa5+ {[%emt 0:00:35]} 5. Nc3 {[%emt 0:00:02]} Ne4 {[%emt 0:01:59]} 6. Nge2 {[%emt 0:01:17]} e6 {[%emt 0:00:15]} 7. a3 {[%emt 0:01:19]} Nxc3 {[%emt 0:00:36]} 8. Nxc3 {[%emt 0:00:02]} Qxc5 {[%emt 0:00:01]} 9. Bxb8 {[%emt 0:00:04]} Rxb8 {[%emt 0:00:01]} 10. Bb5+ {[%emt 0:00:01]} Ke7 {[%emt 0:00:22]} 11. Qg4 {[%emt 0:02:56]} f5 {[%emt 0:00:47]} 12. Qf4 {[%emt 0:05:39]} Qd6 {[%emt 0:00:38]} 13. Qd4 {[%emt 0:01:01]} a6 {[%emt 0:00:08]} 14. Be2 {[%emt 0:00:30]} Kf7 {[%emt 0:01:11]} 15. g4 {[%emt 0:01:28]} fxg4 {[%emt 0:00:15]} 16. Bxg4 {[%emt 0:00:42]} Be7 {[%emt 0:00:03]} 17. Bh5+ {[%emt 0:00:18]} Kf8 {[%emt 0:00:08]} 18. O-O-O {[%emt 0:00:11]} Bd7 {[%emt 0:00:36]} 19. Rhg1 {[%emt 0:01:11]} Bf6 {[%emt 0:00:30]} 20. Ne4 {[%emt 0:00:01]} Bxd4 {[%emt 0:00:05]} 21. Nxd6 {[%emt 0:00:02]} Bf6 {[%emt 0:00:07]} 22. e4 {[%emt 0:00:56]} g6 {[%emt 0:01:13]} 23. Bg4 {[%emt 0:00:11]} Be5 {[%emt 0:00:02]} 24. Nc4 {[%emt 0:00:17]} Bxh2 25. Rh1 {[%emt 0:00:31]} Bf4+ {[%emt 0:00:04]} 26. Kb1 {[%emt 0:00:01]} Bb5 {[%emt 0:02:01]} 27. Nb6 {[%emt 0:00:04]} Bc7 {[%emt 0:00:24]} 28. a4 {[%emt 0:00:01]} Be8 {[%emt 0:01:01]} 29. a5 {[%emt 0:00:01]} Rd8 {[%emt 0:00:58]} 30. Bxe6 {[%emt 0:00:26]} dxe4 {[%emt 0:00:07]} 31. Rxd8 {[%emt 0:00:45]} Bxd8 32. Bd5 {[%emt 0:00:01]} Bc6 {[%emt 0:00:15]} 33. Bxc6 {[%emt 0:00:13]} bxc6 {[%emt 0:00:01]} 34. Nd7+ {[%emt 0:00:03]} Kg7 {[%emt 0:00:09]} 35. Nc5 {[%emt 0:00:22]} Bxa5 {[%emt 0:00:02]} 36. Nxe4 {[%emt 0:00:03]} Bb6 {[%emt 0:00:31]} 37. f3 {[%emt 0:00:13]} Be3 {[%emt 0:00:39]} 38. c3 {[%emt 0:00:02]} h5 {[%emt 0:01:13]} 39. Kc2 h4 {[%emt 0:00:08]} 40. Kd3 {[%emt 0:00:02]} Bf4 {[%emt 0:00:05]} 41. Ra1 {[%emt 0:00:42]} h3 {[%emt 0:01:27]} 42. Rxa6 {[%emt 0:00:01]} h2 {[%emt 0:00:01]} 43. Ra7+ {[%emt 0:00:01]} Kh6 {[%emt 0:00:05]} 44. Nf2 {[%emt 0:00:01]} Kg5 {[%emt 0:00:19]} 45. Ra1 {[%emt 0:00:41]} Kh4 {[%emt 0:00:14]} 46. Ke2 {[%emt 0:00:12]} Kg3 {[%emt 0:00:07]} 47. b4 {[%emt 0:00:11]} Kg2 {[%emt 0:00:21]} 48. Nh1 {[%emt 0:00:12]} Rd8 {[%emt 0:00:13]} 0-1

[Event "FIDE World Rapid Chess Championship 2024"]
[White "Kadric, Denis"]
[Black "Suleymenov, Alisher"]
[Site "New York, United States"]
[Round "5.23"]
[Result "1/2-1/2"]
[Date "????.??.??"]
[WhiteElo "2513"]
[BlackElo "2413"]
[PlyCount "68"]
[GameId "2127283135251473"]
[EventType "rapid"]

1. e4 {[%emt 0:00:02]} c5 {[%emt 0:00:01]} 2. Nc3 {[%emt 0:00:02]} Nc6 {[%emt 0:00:49]} 3. Nf3 {[%emt 0:00:01]} e5 {[%emt 0:00:02]} 4. Bc4 {[%emt 0:00:02]} Be7 {[%emt 0:00:04]} 5. d3 {[%emt 0:00:01]} d6 {[%emt 0:00:02]} 6. Nd2 {[%emt 0:00:06]} Nf6 {[%emt 0:00:01]} 7. Nf1 {[%emt 0:00:04]} Bg4 {[%emt 0:00:02]} 8. f3 {[%emt 0:00:02]} Be6 {[%emt 0:00:01]} 9. Ne3 {[%emt 0:00:04]} O-O {[%emt 0:00:12]} 10. a4 {[%emt 0:00:03]} Nb4 {[%emt 0:00:15]} 11. O-O {[%emt 0:00:54]} d5 {[%emt 0:00:16]} 12. exd5 {[%emt 0:00:02]} Nfxd5 {[%emt 0:00:30]} 13. Nexd5 {[%emt 0:00:33]} Nxd5 {[%emt 0:00:02]} 14. Qe1 {[%emt 0:00:20]} Qd6 {[%emt 0:05:37]} 15. Nxd5 {[%emt 0:04:45]} Bxd5 {[%emt 0:00:02]} 16. Bxd5 {[%emt 0:00:01]} Qxd5 {[%emt 0:00:01]} 17. Qe4 Rad8 {[%emt 0:01:48]} 18. b3 {[%emt 0:00:53]} Qxe4 {[%emt 0:00:58]} 19. fxe4 {[%emt 0:00:03]} b6 {[%emt 0:00:19]} 20. Be3 {[%emt 0:00:18]} h6 {[%emt 0:00:40]} 21. a5 {[%emt 0:00:32]} Bg5 {[%emt 0:00:34]} 22. Bf2 {[%emt 0:02:04]} f5 {[%emt 0:00:21]} 23. exf5 {[%emt 0:00:11]} Rxf5 {[%emt 0:00:01]} 24. axb6 {[%emt 0:00:16]} axb6 {[%emt 0:00:01]} 25. Rfe1 {[%emt 0:03:11]} Rdf8 {[%emt 0:02:01]} 26. Re2 {[%emt 0:01:15]} Rxf2 {[%emt 0:00:10]} 27. Rxf2 {[%emt 0:00:01]} Be3 {[%emt 0:00:01]} 28. Raf1 e4 {[%emt 0:02:51]} 29. dxe4 {[%emt 0:00:16]} Rf4 {[%emt 0:00:04]} 30. g3 {[%emt 0:01:48]} Rxe4 {[%emt 0:00:01]} 31. Kg2 {[%emt 0:00:01]} Bxf2 {[%emt 0:00:02]} 32. Rxf2 {[%emt 0:00:01]} Re3 {[%emt 0:00:06]} 33. Rf3 {[%emt 0:00:13]} Re2+ {[%emt 0:00:02]} 34. Rf2 Re3 {[%emt 0:00:02]} 1/2-1/2

[Event "FIDE World Rapid Chess Championship 2024"]
[White "Batsuren, Dambasuren"]
[Black "Ahmed, Nidal"]
[Site "New York, United States"]
[Round "5.37"]
[Result "1-0"]
[Date "????.??.??"]
[WhiteElo "2435"]
[BlackElo "1827"]
[PlyCount "55"]
[GameId "2127283135276063"]
[EventType "rapid"]

1. c4 e6 {[%emt 0:00:22]} 2. g3 {[%emt 0:00:09]} Nf6 3. Bg2 d5 4. Nf3 {[%emt 0:00:01]} Be7 {[%emt 0:00:13]} 5. O-O {[%emt 0:00:03]} O-O {[%emt 0:00:03]} 6. d4 {[%emt 0:00:34]} dxc4 {[%emt 0:00:33]} 7. Qc2 {[%emt 0:00:01]} c6 {[%emt 0:00:11]} 8. Qxc4 {[%emt 0:01:37]} b5 {[%emt 0:00:03]} 9. Qc2 {[%emt 0:00:05]} Bb7 {[%emt 0:00:04]} 10. Nbd2 {[%emt 0:00:39]} Nbd7 {[%emt 0:00:16]} 11. Nb3 {[%emt 0:01:54]} c5 {[%emt 0:00:43]} 12. Nxc5 {[%emt 0:02:43]} Bd5 {[%emt 0:01:06]} 13. e4 {[%emt 0:00:42]} Nxc5 {[%emt 0:01:31]} 14. exd5 {[%emt 0:00:02]} Na4 {[%emt 0:00:39]} 15. dxe6 {[%emt 0:00:05]} fxe6 16. Ng5 {[%emt 0:00:23]} Rc8 {[%emt 0:00:12]} 17. Qb3 {[%emt 0:00:05]} Qd7 {[%emt 0:00:45]} 18. Nxe6 {[%emt 0:00:05]} Rf7 {[%emt 0:00:02]} 19. Ng5 {[%emt 0:00:07]} Rcf8 {[%emt 0:00:26]} 20. Nxf7 {[%emt 0:00:07]} Rxf7 {[%emt 0:00:01]} 21. Bg5 {[%emt 0:00:31]} Kf8 {[%emt 0:00:05]} 22. Rac1 {[%emt 0:00:07]} h6 {[%emt 0:00:12]} 23. Bc6 {[%emt 0:00:19]} Qf5 {[%emt 0:00:35]} 24. Bxf6 {[%emt 0:00:28]} Rxf6 {[%emt 0:00:08]} 25. Qxb5 {[%emt 0:00:05]} Qxb5 {[%emt 0:00:08]} 26. Bxb5 {[%emt 0:00:02]} Nb6 {[%emt 0:00:03]} 27. Rc7 {[%emt 0:00:15]} Rf5 {[%emt 0:00:17]} 28. Re1 {[%emt 0:00:17]} 1-0

[Event "FIDE World Rapid Chess Championship 2024"]
[White "Manon, Reja Neer"]
[Black "Horvath, Dominik"]
[Site "New York, United States"]
[Round "5.39"]
[Result "1-0"]
[Date "????.??.??"]
[WhiteElo "2193"]
[BlackElo "2430"]
[PlyCount "65"]
[GameId "2127283135280161"]
[EventType "rapid"]

1. e4 e5 {[%emt 0:00:02]} 2. Nf3 {[%emt 0:00:04]} Nc6 3. d4 {[%emt 0:00:08]} exd4 {[%emt 0:00:01]} 4. Nxd4 {[%emt 0:00:02]} Bb4+ 5. c3 {[%emt 0:00:15]} Be7 6. Bd3 {[%emt 0:00:17]} d6 {[%emt 0:01:35]} 7. O-O {[%emt 0:00:07]} Nf6 {[%emt 0:00:01]} 8. Bf4 {[%emt 0:00:21]} O-O {[%emt 0:00:04]} 9. Nd2 {[%emt 0:00:01]} Re8 {[%emt 0:00:10]} 10. Re1 {[%emt 0:00:03]} Bf8 {[%emt 0:00:03]} 11. h3 {[%emt 0:00:20]} h6 {[%emt 0:00:06]} 12. Qb3 {[%emt 0:00:33]} Ne5 {[%emt 0:00:13]} 13. Bf1 {[%emt 0:00:06]} b6 {[%emt 0:00:34]} 14. Rad1 {[%emt 0:01:07]} Bb7 {[%emt 0:00:03]} 15. Bh2 {[%emt 0:00:16]} a6 {[%emt 0:00:37]} 16. f4 {[%emt 0:00:58]} Ng6 {[%emt 0:00:21]} 17. e5 {[%emt 0:00:26]} dxe5 {[%emt 0:03:14]} 18. fxe5 {[%emt 0:00:02]} Nd5 {[%emt 0:00:11]} 19. e6 {[%emt 0:02:19]} c5 {[%emt 0:01:14]} 20. exf7+ {[%emt 0:01:18]} Kxf7 {[%emt 0:00:01]} 21. Nf5 {[%emt 0:05:04]} Rxe1 {[%emt 0:04:49]} 22. Rxe1 {[%emt 0:00:02]} Kg8 {[%emt 0:00:01]} 23. Nc4 {[%emt 0:02:46]} Kh7 {[%emt 0:01:23]} 24. Nfd6 {[%emt 0:00:49]} Bc6 {[%emt 0:00:10]} 25. Bd3 {[%emt 0:00:19]} Qg5 {[%emt 0:01:02]} 26. Ne5 {[%emt 0:00:24]} Ndf4 {[%emt 0:01:04]} 27. Bxg6+ {[%emt 0:00:11]} Nxg6 {[%emt 0:00:03]} 28. Nxc6 {[%emt 0:00:08]} Qd2 {[%emt 0:00:01]} 29. Qd1 {[%emt 0:00:54]} Qxb2 {[%emt 0:00:01]} 30. Qd3 {[%emt 0:00:03]} c4 {[%emt 0:00:18]} 31. Nxc4 {[%emt 0:00:13]} Bc5+ {[%emt 0:00:01]} 32. Kh1 {[%emt 0:00:02]} Qb5 {[%emt 0:00:20]} 33. N6e5 {[%emt 0:00:20]} 1-0